01076nam a2200241 a 450000100060000000300090000600800410001504000280005608200180008410000390010224500330014125000060017426000300018030000130021050501510022359001360037465000470051065000420055765000530059994200120065299900170066495201530068121301CO-ViMGA141112s2004 ck r 000 u spa d aCO-ViMGAbspacCO-ViMGA04a005.133 B323e1 aBecerra Santamaría, Cesar93036010aEstructuras de datos en Java a1 aBogotá; Kimpres, c2000 a741 + CD aColas y pilas 115 - - Arboles binarios 255 - - Arboles AVL por altura 423 - - Arboles enearios 519 - - Rutinas para clasificar información 577  aForma de adquisición : Compra fact. 0859 - - Precio : 49000 - - Proveedor : Temas y libros - - Fecha de adquisición : Mayo 200714aESTRUCTURAS DE DATOS (COMPUTADORES)93036114aJAVA (LENGUAJE DE PROGRAMACION)9857214aLENGUAJES DE PROGRAMACION DE COMPUTADORES917342 2ddccBK c29923d29923 00102ddc40708002aMEVIECARbMEVIECARd2015-12-04hVolumen. 1 | 11/jun/2009l0o005.133 B323e p21301r2022-06-16 00:00:00tEj. 1w2015-12-04yBK